00522nam a2200181Ia 450000500170000000800410001708200130005810000130007124500300008426000550011430000170016965000110018665000130019765000140021094200060022495200950023099900150032520241120011700.0240331s9999 xx 000 0 und d bALIa900 aAli,M.C  4aThe emergence of Pakistan aNew York & LondonbColumbia University Pressc1967 aix, 418 p ., aSocial aEconomic aPolitical cL 001040708LaWERCLbWERCLcSSCd2024-03-31l0o 900 ALIp5750r2024-03-31w2024-03-31yL c3402d3402